000 00454nam a2200181Ia 4500
001 3547
005 20260306145651.0
008 260306t2018||||xx |||||||||||||| ||spa||
041 _aESP
082 _a288.7
_bR27
100 _aRatzinger, Joseph
_eAUT
245 0 _aLiberar la libertad:
_bFe y política en el tercer milenio
260 _c2018
300 _axii, 210 páginas :
_c21 cm.
650 _aGEN
654 _aCHU
942 _cLIB
_dJUS
_fJUS
_2ddc
_n
999 _c3547
_d3547